Comme un goût de miel / 1. P'tit Louis (Notice n° 18834)

Détails MARC
000 -LEADER
fixed length control field 01244cam a22003138i 4500
001 - CONTROL NUMBER
control field 0008125572
003 - CONTROL NUMBER IDENTIFIER
control field OSt
005 - DATE AND TIME OF LATEST TRANSACTION
control field 20260425114636.0
008 - FIXED-LENGTH DATA ELEMENTS--GENERAL INFORMATION
fixed length control field 260311m20269999quc 00 f fre
020 ## - INTERNATIONAL STANDARD BOOK NUMBER
International Standard Book Number 9782898761881
Qualifying information (vol. 1)
020 ## - INTERNATIONAL STANDARD BOOK NUMBER
International Standard Book Number 2898761885
Qualifying information (vol. 1)
040 ## - CATALOGING SOURCE
Original cataloging agency QMBN
Language of cataloging fre
Description conventions rda
Transcribing agency QMBN
050 #4 - LIBRARY OF CONGRESS CALL NUMBER
Classification number PS8589*
082 04 - DEWEY DECIMAL CLASSIFICATION NUMBER
Classification number T 7899cug v.1
Edition number 23/20260311
100 1# - MAIN ENTRY--PERSONAL NAME
Personal name Tremblay-D'Essiambre, Louise,
Dates associated with a name 1953-
Relator term auteur
245 10 - TITLE STATEMENT
Title Comme un goût de miel / 1. P'tit Louis
Statement of responsibility, etc. Louise Tremblay d'Essiambre
263 ## - PROJECTED PUBLICATION DATE
Projected publication date 202604
264 #1 - PRODUCTION, PUBLICATION, DISTRIBUTION, MANUFACTURE, AND COPYRIGHT NOTICE
Place of production, publication, distribution, manufacture Laval, Qub̌ec :
Name of producer, publisher, distributor, manufacturer Saint-Jean ďiteur,
Date of production, publication, distribution, manufacture, or copyright notice 2026-
300 ## - PHYSICAL DESCRIPTION
Extent volumes
336 ## - CONTENT TYPE
Content type term texte
Content type code txt
Source rdacontent
337 ## - MEDIA TYPE
Media type term sans mďiation
Media type code n
Source rdamedia
338 ## - CARRIER TYPE
Carrier type term volume
Carrier type code nc
Source rdacarrier
500 ## - GENERAL NOTE
General note L'ouvrage complet comprendra 3 volumes
942 ## - ADDED ENTRY ELEMENTS (KOHA)
Source of classification or shelving scheme Dewey Decimal Classification
Koha item type Roman adulte
Exemplaires
Withdrawn status Lost status Source of classification or shelving scheme Damaged status Not for loan Home library Current library Date acquired Total Checkouts Full call number Barcode Date last seen Price effective from Koha item type
    Dewey Decimal Classification     Bibliothèque municipale d'Henryville Bibliothèque municipale d'Henryville 2026-04-25   T 7899cug v.1 30001030024881 2026-04-25 2026-04-25 Roman adulte